000 00201nam a22000977a 4500
999 _c15834
_d15834
003 OSt
008 191022b ||||| |||| 00| 0 eng d
100 _aSurendran,K.
_94311
245 _aThalam
942 _cBK